| 000 | 01145cam a2200325 a 4500 | ||
|---|---|---|---|
| 003 | CHAP | ||
| 005 | 20220329141857.0 | ||
| 008 | 980326d1997 mx a r 00110 spa d | ||
| 010 | _a75166 | ||
| 011 | _a76138 | ||
| 035 | _a85715 | ||
| 040 | _cCHAP | ||
| 090 | _aFolleto 14535 | ||
| 100 | 0 | 0 |
_aRubí Arriaga, Martín. _9100506 |
| 245 | 1 | 3 |
_aEl níspero : _bEriobotrya japonica Thunb Lindl _c/por Martín Rubí Arriaga y Luis López López |
| 260 |
_aCoatepec Harinas, Méx. : _bFundacion Salvador Sánchez Colín CITAMEX, S.C., _c1997. |
||
| 300 |
_a24 p. : _bilus. |
||
| 590 |
_aBATCH-UPD _b10 _c20130110 _lUCH01 _h2216 |
||
| 590 |
_aBATCH-UPD _b10 _c20130410 _lUCH01 _h1516 |
||
| 590 |
_aBATCH-UPD _b10 _c20130914 _lUCH01 _h1449 |
||
| 590 |
_aCONVERSION _b10 _c20130109 _lUCH01 _h1341 |
||
| 650 | 1 | 4 |
_aFruta _xIndustria. _943625 |
| 650 | 1 | 4 |
_aNíspero. _981600 |
| 901 | _aBK | ||
| 905 | _aGuadalupe Pinto C. | ||
| 942 | _cFOLL | ||
| 949 |
_aFolleto 14535 _bBC _cFOLL _d857151 _eTS1 _i85715 _sb |
||
| 949 |
_aFolleto 14535 _bBC _cFOLL _d857152 _eTS2 _fc.2 _i85715 _kDonaciØn _si |
||
| 949 |
_aFolleto 14535 _bBC _cFOLL _d857153 _eTS2 _fc.3 _i85715 _kDonaciØn _sb |
||
| 999 |
_c75166 _d75166 |
||